LEADER 01086nam a2200217 i 4500 001 000000200643 003 CaOOAMICUS 005 20110412000000.0 008 110412s1850 it u000 u ita u 013 $a179343 040 $aSeMil$bita 245 10$aIntorno alla Riforma ed ai tentativi per introdurla in Italia :$bavvertimenti che il card. Gaetano Baluffi arciv. vescovo d'Imola dirige a' suoi amatissimi diocesani. 260 $aImola :$bVincenzo Dal Pozzo,$c1850. 300 $a56 p. ;$c23 cm. 650 4$aItalia - Riforma.$0(OLS)http://semarc/subject/5246 700 1 $aBaluffi, Gaetano .$0(OLS)http://semarc/name/21703 773 0 $t[Miscellanea.$w()24740 850 $aSeMil 852 $aSeMil$W1$xVenegono$y1$m5A II 17/14 FA$j151172$B151172$CSeMilBibl$Z2$F162461 $8I 996 $6245$aIntorno alla Riforma ed ai tentativi per introdurla in Italia :$bavvertimenti che il card. Gaetano Baluffi arciv. vescovo d'Imola dirige a' suoi amatissimi diocesani$9(OLS)http://semarc/title/290182 996 $6260$aImola :$bVincenzo Dal Pozzo$9(OLS)http://semarc/publisher/51501 LEADER 01206nam a2200277 i 4500 001 000000038159 003 CaOOAMICUS 005 20081024000000.0 008 081024s1960 xx u000 u fre u 013 $a8564 040 $aSeMil$bita 100 1 $aMusset, Alfred : de,$d<1810-1857>.$0(OLS)http://semarc/name/18294 245 10$aOeuvres complètes en prose /$cA. de Musset ; texte établi et annoté par Maurice Allem et Paul Courant. 260 $a[Paris] :$bGallimard,$ccopyr. 1960. 300 $aXIV, 1326 p. ;$c19 cm. 490 0 $aBibliothèque de la pléiade ;$v49 500 $aContiene : Chronologie des oeuvres en prose ; Bibliographie. - Fondo Ciprandi. 700 1 $aCourant, Paul.$0(OLS)http://semarc/name/18295 700 1 $aAllem, Maurice,$d<1872-1959>.$0(OLS)http://semarc/name/18284 830 0$aBibliothèque de la Pléiade ;$v49.$0(OLS)http://semarc/title/42418 850 $aSeMil 852 $aSeMil$W1$xVenegono$y1$m1W V 203$j4314$B4314$CSeMilBibl$Z2$F4314 $81 941 1 $a1 961 $aOmaggio: Ciprandi dott. Paolo 996 $6245$aOeuvres complètes en prose$9(OLS)http://semarc/title/53749 996 $6260$a[Paris] :$bGallimard$9(OLS)http://semarc/publisher/30050